[Event "Montevideo Andrea Memorial 3rd"]
[Site "Montevideo"]
[Date "2018.05.22"]
[Round "5"]
[White "Ramirez, Ricardo"]
[Black "Buscio, Jorge"]
[Result "0-1"]
[WhiteElo "1703"]
[BlackElo "1479"]
[PlyCount "56"]
[EventDate "2018.05.08"]
[EventType "swiss"]
[EventRounds "6"]
[EventCountry "URU"]
[SourceTitle "CBM 184 Extra"]
[Source "ChessBase"]
[SourceDate "2018.06.28"]
[SourceVersion "1"]
[SourceVersionDate "2018.06.28"]
[SourceQuality "1"]

1. e4 c5 2. Nf3 a6 3. a4 Nc6 4. Bc4 e6 5. Nc3 g6 6. d3 Bg7 7. Bf4 Nge7 8. Bd6 b6 9. 0-0 Bb7 10. Re1 Nc8 11. Bg3 0-0 12. Rb1 Na5 13. Ba2 d5 14. exd5 exd5 15. d4 c4 16. b4 cxb3 17. cxb3 Nd6 18. Ne5 Nf5 19. b4 Nc4 20. Nxc4 dxc4 21. Bxc4 Nxg3 22. hxg3 Qxd4 23. Qxd4 Bxd4 24. Ne2 Bg7 25. Rbd1 Rad8 26. Nf4 Rxd1 27. Rxd1 Rc8 28. Nd5 Rxc4 0-1